00217nam a2200085Ia 4500008004100000041000800041100001500049245003200064260003500096241105s9999 xx 000 0 und d aeng aJain Sneha aResidential School In Latur bFinal Year B. Arch, BNCAc2012